| 000 | 00827 a2200229 4500 | ||
|---|---|---|---|
| 005 | 20080819145257.0 | ||
| 008 | 080819t xxu||||| |||| 00| 0 eng d | ||
| 010 | _aENG-84744 | ||
| 020 |
_a. _c250.00 |
||
| 035 | _aEN-68277 | ||
| 037 | _bDBAD / PUB | ||
| 040 |
_adpl _bEnglish |
||
| 082 | _a133.5 | ||
| 100 | _aAdawal, Shankar | ||
| 245 |
_aKnow about jupiter and saturn _cShankar Adawal. |
||
| 260 |
_aNew Delhi _bSagar Publications, _c2006. |
||
| 270 |
_a72, Janpath, Ved Mansion _bNew Delhi _cDelhi _e110001 _k23320648, 23328245 |
||
| 300 |
_ax, 392p _c21 cm. (Pbk) |
||
| 650 | _aAstrology. | ||
| 942 |
_adpl _cEN _k133.5 / ADA _2ddc _h133.5 _mADA |
||
| 999 |
_c277 _d277 |
||